| 000 | 00335nam a2200109Ia 4500 | ||
|---|---|---|---|
| 008 | 171211s9999 xx 000 0 und d | ||
| 245 | _aDiscovering Human Sexuality, 3rd Edition | ||
| 245 | _cJanice Baldwin, John Baldwin, Simon LeVay | ||
| 260 | _c2014 | ||
| 650 | _xSexuality | ||
| 856 | _uhttp://down.ebook777.com/059/9781138051195.pdf | ||
| 999 |
_c350773 _d350773 |
||